<?xml version="1.0" encoding="UTF-8"?>
<collection xmlns="http://www.loc.gov/MARC21/slim">
  <record>
    <leader>00000nam  2200000   4500</leader>
    <datafield tag="100" ind1="1" ind2="#">
      <subfield code="a">Melvil Dewey</subfield>
    </datafield>
    <controlfield tag="csr">$a 3cbd09ae2a93352c4f3c2c7cbd19c3e0</controlfield>
    <datafield tag="856" ind1="#" ind2="#">
      <subfield code="a">pustaka.lan.go.id</subfield>
    </datafield>
    <datafield tag="700" ind1=" " ind2="#">
      <subfield code="a"/>
    </datafield>
    <datafield tag="650" ind1=" " ind2="#">
      <subfield code="a">Klasisikasi  bahan Perpustakaan</subfield>
    </datafield>
    <datafield tag="520" ind1=" " ind2="#">
      <subfield code="a"/>
    </datafield>
    <datafield tag="300" ind1="#" ind2="#">
      <subfield code="a">731</subfield>
      <subfield code="b">ilus</subfield>
      <subfield code="c">25 cm</subfield>
      <subfield code="e"/>
    </datafield>
    <datafield tag="260" ind1="#" ind2="#">
      <subfield code="a">Ohio</subfield>
      <subfield code="b">OCLC</subfield>
      <subfield code="c">2003</subfield>
    </datafield>
    <datafield tag="245" ind1="#" ind2="#">
      <subfield code="a">DDC  22</subfield>
      <subfield code="b"/>
      <subfield code="c">Melvil Dewey</subfield>
    </datafield>
    <controlfield tag="001">$a INLIS000000000020832</controlfield>
    <datafield tag="084" ind1="#" ind2="#">
      <subfield code="a">R.025.431 Dew d</subfield>
    </datafield>
    <datafield tag="084" ind1="#" ind2="#">
      <subfield code="a"/>
    </datafield>
    <datafield tag="084" ind1="#" ind2="#">
      <subfield code="a"/>
    </datafield>
    <datafield tag="082" ind1="#" ind2="#">
      <subfield code="a">025.431</subfield>
    </datafield>
    <datafield tag="035" ind1="#" ind2="#">
      <subfield code="a">0010-0226000002</subfield>
    </datafield>
    <datafield tag="020" ind1="#" ind2="#">
      <subfield code="a"/>
    </datafield>
    <controlfield tag="008">$a 260326###########################0#eng##</controlfield>
    <controlfield tag="005">$a 20260326092956</controlfield>
  </record>
</collection>
